nel Deserto del Pensiero (una bohemia come tante)
Guardat en:
| Autor principal: | |
|---|---|
| Format: | Llibre |
| Idioma: | anglès |
| Publicat: |
Macerata
Edizioni Simple
2023
|
| Etiquetes: |
Sense etiquetes, Sigues el primer a etiquetar aquest registre!
|
MARC
| LEADER | 00000nam a2200000 4500 | ||
|---|---|---|---|
| 005 | 20240710172435.0 | ||
| 008 | 240710b |||||||| |||| 00| 0 eng d | ||
| 020 | |a 9788869247071 | ||
| 040 | |c GP | ||
| 100 | |a Cerina, Luigi | ||
| 245 | |a nel Deserto del Pensiero |b (una bohemia come tante) | ||
| 260 | |a Macerata |b Edizioni Simple |c 2023 | ||
| 942 | |2 ddc |c BK |n 0 | ||
| 952 | |0 0 |1 0 |2 ddc |4 0 |6 853_920000000000000_CER |7 1 |9 1600 |a RM |b RM |d 2024-07-10 |l 0 |o 853.92 CER |p 863 |r 2024-07-10 17:24:57 |w 2024-07-10 |y BK | ||
| 999 | |c 1419 |d 1419 | ||